00505nam a2200181Ia 450000500170000000800410001702000150005808200220007310000200009524500810011526000440019630000190024065000110025965000160027065000130028665000140029965000100031320250127021417.0240331s9999 xx 000 0 und d a070691211X bCHA23562a304.63 aChaudhury, R. H 0aSocial Aspects of Fertility:bWith Special Reference to Developing Countries aNew DelhibVikas Publishing Housec1982 axxvii, 220 p., aSocial aDevelopment aChildren aEthnicity aWomen